000 00573nam a2200205 i 4500
001 91406
003 ES-MaACL
005 20230906180720.0
007 t|
008 050131s1986 fr ||||1| fre d
020 _a2-7073-0602-9
100 1 _aLévinas, Emmanuel.
_971972
245 1 2 _aL'au-deláa du verset
_b: lecutres et discours talmudiques /
_cEmmanuel Levinas.
260 _aParís :
_bMinuit,
_c[1986]
300 _a233 p. ;
_c22 cm.
490 1 _aCritique
830 0 _aCritique
_9177541
852 _aES-MaACL
_jL-11577
_bR.113479
999 _c91406
_d91406